00610nam a2200181 a 450000100100000000500170001000800410002702000180006804000250008608200150011110000230012624000550014924501020020426000480030630000290035470000240038370000210040700002923620200930055421.0110414s2010 sp a 000 0 spa d a9788475550992 aDO-SdBNPbspacBNPHU axxxbA159g1 aAbrahams, Peter H.10aMcMinn´s colour Atlas of human anatomylespañol10aGran atlas McMinn de anatomía humana /cPeter H. Abrahams, Sandy C. Marks Jr., Ralph Hutchings. aBarcelona, España :bOceano-Mosby,c2010. a378 p. :bil., ;c29 cm.1 aMarks, Sandy C., Jr1 aHutchings, Ralph